01151nam a2200193Ia 4500001001100000003001000011008004100021040002500062041001300087100003100100245005000131250001100181260008100192300001200273500026200285501011400547520026200661650003400923L251-17412IT-CnALBA170116s9999||||xx |||||||||||||| ||und|| aIT-CnALBAcIT-CnALBA aITALIANO aBARRA GIOVANNI, SACERDOTE. 0aLA PAROLA CHE SALVA. ELEVAZIONI EVANGELICHE.  a1a ed. a TORINO. ROMAbBORLA EDITORE c1966 [1° Ed.:1966 - Ed.Ling.Originale: 1966] a384 p.  aAVVENTO. GIUDIZIO UNIVERSALE. CIRCONCISIONE. EPIFANIA. NOZZE DI CANA. TEMPESTA CALMATA. ZIZZANIA. LIEVITO. QUARESIMA. PASQUA. BUON PASTORE. ASCENSIONE PENTECOSTE. CORPUS DOMINI. TRINITÀ. DOMENICHE ORDINARIE LUNGO L'ANNO ECCL DOPPIONE. CONFRONTA DOCUMENTO  aSocietà San Paolo EM - Piazza San Paolo, 14 - 12051 ALBA (CN) (non commercial uses only) ® Copyright 2017 aAVVENTO. GIUDIZIO UNIVERSALE. CIRCONCISIONE. EPIFANIA. NOZZE DI CANA. TEMPESTA CALMATA. ZIZZANIA. LIEVITO. QUARESIMA. PASQUA. BUON PASTORE. ASCENSIONE PENTECOSTE. CORPUS DOMINI. TRINITÀ. DOMENICHE ORDINARIE LUNGO L'ANNO ECCL DOPPIONE. CONFRONTA DOCUMENTO  aPREDICAZIONE - ORATORIA SACRA